Clifford the runaway rabbit / (Record no. 3696)

MARC details
000 -LEADER
fixed length control field 01098nam a22003017a 4500
001 - CONTROL NUMBER
control field 3696
003 - CONTROL NUMBER IDENTIFIER
control field FISKH
005 - DATE AND TIME OF LATEST TRANSACTION
control field 20240412104406.0
008 - FIXED-LENGTH DATA ELEMENTS--GENERAL INFORMATION
fixed length control field 240412b cb ||||| |||| 00| 0 eng d
020 ## - INTERNATIONAL STANDARD BOOK NUMBER
International Standard Book Number 9780439213615
040 ## - CATALOGING SOURCE
Original cataloging agency FISKH
Language of cataloging eng
Transcribing agency FISKH
Modifying agency FISKH
050 ## - LIBRARY OF CONGRESS CALL NUMBER
Classification number PZ7.M3365
082 ## - DEWEY DECIMAL CLASSIFICATION NUMBER
Classification number 813.54
100 ## - MAIN ENTRY--PERSONAL NAME
Personal name Margulies, Teddy
245 ## - TITLE STATEMENT
Title Clifford the runaway rabbit /
Statement of responsibility, etc. Adapted by Teddy Margulies ; Drawings by Carolyn Bracken ; Color by Sandrina Kurtz
260 ## - PUBLICATION, DISTRIBUTION, ETC.
Place of publication, distribution, etc. New York :
Name of publisher, distributor, etc. Scholastic,
Date of publication, distribution, etc. 2001.
300 ## - PHYSICAL DESCRIPTION
Extent 32 unnumbered pages :
Other physical details color illustrations ;
Dimensions 23 cm
500 ## - GENERAL NOTE
General note Based on the Scholastic book series "Clifford The Big Red Dog" by Norman Bridwell
505 ## - FORMATTED CONTENTS NOTE
Formatted contents note G
520 ## - SUMMARY, ETC.
Summary, etc. Emily Elizabeth asks Clifford to watch Wally, her classroom's pet bunny, but when T-Bone and Cleo want to play with him, Wally escapes and a chase begins.
521 8# - TARGET AUDIENCE NOTE
Target audience note 410<br/>
Source Lexile <br/>
521 8# - TARGET AUDIENCE NOTE
Target audience note G<br/>
Source Raz-Plus<br/>
650 ## - SUBJECT ADDED ENTRY--TOPICAL TERM
Topical term or geographic name entry element Animal Characters
General subdivision Rabbits
650 ## - SUBJECT ADDED ENTRY--TOPICAL TERM
Topical term or geographic name entry element Pets
Form subdivision Fiction
700 ## - ADDED ENTRY--PERSONAL NAME
Personal name Bracken, Carolyn
Relator term Illustrator
942 ## - ADDED ENTRY ELEMENTS (KOHA)
Source of classification or shelving scheme Dewey Decimal Classification
Koha item type Books
Suppress in OPAC No
Holdings
Withdrawn status Lost status Source of classification or shelving scheme Damaged status Not for loan Collection Home library Current library Shelving location Date acquired Total Checkouts Full call number Barcode Date last seen Date last checked out Price effective from Koha item type
    Dewey Decimal Classification     Juvenile Fiction Footprints International School Library Network Toul Kork Campus Footprints International School Library Network Toul Kork Campus TK Primary Library Room(4th Floor), Bookcase 1&2, Shelves 1-16, Dark Blue Books 04/12/2024 2 MAR 813.54 PZ7.M3365 FISBK01668 02/19/2025 02/13/2025 04/12/2024 Books